Score 0/8 Timer 05:00
0 Plays Today
% Correct
Guards! Guards!
64.5%
Witches Abroad
53.4%
The Colour of Magic
53.3%
The Wee Free Men
52.2%
The Light Fantastic
49.9%
Moving Pictures
48%
Interesting Times
45.2%
Eric
43.6%
Remove Ads.
Support Sporcle.
Get the best of Sporcle when you Go Orange. This ad-free experience offers more features, more stats, and more fun while also helping to support Sporcle. Thank you for becoming a member.

You're not logged in!

Compare scores with friends on all Sporcle quizzes.
OR
Log In

Show Comments

Extras

Top Quizzes Today


Score Distribution

Your Account Isn't Verified!

In order to create a playlist on Sporcle, you need to verify the email address you used during registration. Go to your Sporcle Settings to finish the process.

Report this User

Report this user for behavior that violates our Community Guidelines.

Details: